乗降客数ランキング上位300(関東・2020年度版) - Statistics

General Stats
  • This quiz has been taken 3,885 times
  • The average score is 152 of 300
Answer Stats
順位 路線 都道府県 乗降客数 駅名 % Correct
1 JRほか 東京都 2229983 新宿
99%
4 JRほか 神奈川県 1466718 横浜
98%
2 JRほか 東京都 2058171 渋谷
97%
6 JRほか 東京都 716921 東京
97%
3 JRほか 東京都 1795032 池袋
96%
8 JRほか 東京都 610184 品川
96%
16 JRほか 東京都 358399 上野
95%
11 JRほか 埼玉県 509180 大宮
93%
12 JRほか 東京都 486801 秋葉原
92%
9 JRほか 東京都 581592 新橋
91%
13 JRほか 東京都 478231 目黒
90%
7 JRほか 東京都 611832 高田馬場
89%
58 JRほか 千葉県 182932 千葉
89%
5 JRほか 東京都 1173824 北千住
88%
10 JRほか 千葉県 513721 西船橋
88%
110 JRほか 東京都 111245 代々木
88%
21 JR 神奈川県 319604 川崎
87%
35 JRほか 東京都 261889 日暮里
87%
23 JRほか 東京都 314026 有楽町
86%
27 JRほか 千葉県 297404 船橋
86%
29 JRほか 東京都 292170 大崎
86%
59 JRほか 東京都 181546 神田
86%
100 JR 東京都 117520 八王子
86%
22 JRほか 東京都 316096 中野
85%
30 JRほか 東京都 291259 西日暮里
85%
154 JR 東京都 82160 原宿
85%
51 JR 東京都 205326 浜松町
84%
79 JR 東京都 147684 赤羽
84%
25 メトロほか 東京都 306042 大手町
83%
36 JRほか 東京都 258653 恵比寿
83%
24 JRほか 東京都 310707 五反田
82%
40 JR 東京都 244066 立川
82%
50 JR 東京都 205408 田町
82%
105 メトロほか 東京都 114120 浅草
82%
126 JR 東京都 96490 御徒町
82%
19 JRほか 東京都 330341 蒲田
81%
20 JRほか 神奈川県 329796 武蔵小杉
81%
26 JRほか 千葉県 301078
79%
61 JRほか 東京都 173381 巣鴨
79%
62 JRほか 東京都 171732 御茶ノ水
79%
78 JR 埼玉県 148106 浦和
79%
28 JRほか 東京都 297252 吉祥寺
78%
38 JRほか 東京都 249877 飯田橋
78%
122 JRほか 東京都 98995 駒込
78%
47 JRほか 東京都 223023 錦糸町
77%
86 JRほか 神奈川県 133704 新横浜
77%
148 JR 東京都 86330 大塚
77%
197 JR 東京都 62518 新大久保
77%
31 JRほか 東京都 286024 大井町
76%
46 JRほか 千葉県 228876 松戸
76%
52 JRほか 東京都 202787 荻窪
76%
81 JR 東京都 142798 三鷹
76%
119 JRほか 神奈川県 102135 小田原
76%
32 JRほか 神奈川県 284164 藤沢
75%
48 JRほか 東京都 210446 四ツ谷
75%
53 JRほか 東京都 202677 新木場
75%
63 JRほか 神奈川県 169090 大船
75%
17 JRほか 東京都 356225 町田
74%
43 JRほか 東京都 240310 国分寺
74%
75 メトロ 東京都 149432 銀座
73%
15 メトロほか 東京都 363311 押上
72%
113 JRほか 東京都 108036 水道橋
72%
14 メトロほか 東京都 389885 代々木上原
70%
34 メトロほか 埼玉県 265416 和光市
70%
84 JR 東京都 139714 大森
70%
87 JRほか 神奈川県 132922 桜木町
69%
138 JR 埼玉県 89428 南浦和
69%
167 JR 千葉県 76790 舞浜
69%
201 JRほか 東京都 61631 南千住
69%
44 JRほか 神奈川県 236075 戸塚
68%
90 JR 埼玉県 128856 川口
68%
95 JR 神奈川県 121806 鶴見
68%
169 JR 東京都 76498 高円寺
67%
195 京王 東京都 62986 府中
67%
33 メトロほか 東京都 281512 中目黒
66%
67 JRほか 神奈川県 159227 橋本
66%
77 メトロほか 東京都 149174 新宿三丁目
66%
133 JR 千葉県 92338 市川
66%
72 JRほか 千葉県 153772 津田沼
65%
82 JRほか 埼玉県 141638 川越
65%
99 JR 東京都 118642 新小岩
65%
136 JR 神奈川県 91092 平塚
65%
166 JR 東京都 77026 国立
65%
45 JRほか 神奈川県 236028 登戸
64%
128 JR 東京都 94742 武蔵小金井
64%
150 JR 神奈川県 83368 茅ヶ崎
64%
18 JRほか 東京都 334709 綾瀬
63%
49 JRほか 神奈川県 208690 海老名
63%
54 メトロほか 東京都 196708 日本橋
63%
85 JRほか 東京都 138568 王子
63%
131 都営 東京都 93400 春日
63%
161 JRほか 東京都 78751 両国
63%
181 JR 東京都 68582 阿佐ヶ谷
63%
229 JR 神奈川県 55836 東神奈川
63%
151 JR 埼玉県 82902 武蔵浦和
62%
162 JR 埼玉県 78568 さいたま新都心
62%
65 JRほか 神奈川県 162430 菊名
61%
68 小田急ほか 東京都 158343 下北沢
61%
73 JRほか 千葉県 153053 本八幡
61%
157 JR 千葉県 80146 海浜幕張
61%
209 メトロ 東京都 59033 赤坂
61%
296 JR 東京都 44126 西国分寺
61%
103 JRほか 東京都 115944 浅草橋
60%
111 JRほか 神奈川県 110573 関内
60%
163 西武 埼玉県 78002 所沢
60%
186 JR 東京都 67034 西荻窪
60%
194 JR 栃木県 63080 宇都宮
60%
249 JR 東京都 50448 板橋
60%
102 JRほか 東京都 116486 武蔵境
59%
107 メトロ 東京都 113687 表参道
59%
120 JR 東京都 100806 小岩
59%
222 JRほか 神奈川県 57182 鎌倉
59%
228 JRほか 群馬県 55870 高崎
59%
39 JRほか 東京都 244348 市ケ谷
58%
66 都営ほか 東京都 159566 練馬
58%
153 JRほか 東京都 82276 東中野
58%
211 JRほか 東京都 58811 高尾
58%
94 メトロほか 東京都 124919 六本木
57%
137 京王 東京都 90372 調布
57%
234 メトロ 東京都 54159 永田町
57%
55 東急ほか 神奈川県 196653 日吉
56%
56 JRほか 神奈川県 188558 長津田
56%
57 メトロほか 東京都 184066 九段下
56%
97 JRほか 東京都 120985 八丁堀
56%
114 JRほか 東京都 107694 亀戸
56%
37 都営ほか 東京都 256810 泉岳寺
55%
117 東急 東京都 104261 自由が丘
55%
42 メトロほか 東京都 242805 小竹向原
54%
76 東急ほか 神奈川県 149401 中央林間
54%
91 メトロほか 東京都 127855 日比谷
54%
104 メトロほか 東京都 115035 青山一丁目
54%
123 小田急 神奈川県 97984 本厚木
54%
187 メトロ 東京都 66983 赤坂見附
54%
203 京王 東京都 60668 明大前
54%
218 JR 千葉県 57480 新松戸
54%
252 JR 千葉県 50094 蘇我
54%
118 東急 東京都 102470 二子玉川
53%
127 JR 埼玉県 94952
53%
158 メトロ 東京都 78926 葛西
53%
196 メトロ 千葉県 62890 浦安
53%
276 JR 千葉県 46754 我孫子
53%
295 京急 東京都 44191 京急蒲田
53%
41 メトロほか 東京都 243411 神保町
52%
70 メトロほか 東京都 156335 豊洲
52%
132 メトロ 東京都 93128 国会議事堂前
52%
135 JR 埼玉県 91176 西川口
52%
139 JR 神奈川県 88778 東戸塚
52%
144 小田急 神奈川県 87835 相模大野
52%
156 JR 埼玉県 80838 北浦和
52%
182 JR 東京都 67730 亀有
52%
294 JRほか 茨城県 44350 水戸
52%
83 都営 東京都 139862 三田
51%
160 JR 千葉県 78754 新浦安
51%
191 メトロ 東京都 64291 後楽園
51%
235 東武 埼玉県 53824 春日部
51%
74 東急 神奈川県 152365 溝の口
50%
92 JR 神奈川県 127592 武蔵溝ノ口
50%
125 京急 神奈川県 97300 京急川崎
50%
134 小田急 神奈川県 91516 新百合ヶ丘
50%
140 JR 神奈川県 88378 辻堂
50%
170 JR 千葉県 75798 稲毛
50%
60 小田急ほか 神奈川県 177810 大和
49%
64 京急ほか 神奈川県 168440 上大岡
49%
164 JR 東京都 77948 金町
49%
188 メトロ 東京都 64768 明治神宮前
49%
248 JRほか 茨城県 50624 取手
49%
269 JR 東京都 47710 十条
49%
231 東武 埼玉県 55069 朝霞
48%
284 JRほか 埼玉県 45358 熊谷
48%
108 JR 埼玉県 112708 南越谷
47%
129 東急 東京都 94477 三軒茶屋
47%
89 JRほか 東京都 130262 分倍河原
45%
109 東武 埼玉県 112019 新越谷
45%
116 JR 埼玉県 104602 北朝霞
45%
237 JR 東京都 53230 豊田
45%
71 都営 東京都 154576 大門
44%
88 メトロ 東京都 131738 霞ケ関
44%
93 小田急ほか 神奈川県 126070 湘南台
44%
98 JR 埼玉県 119009 朝霞台
43%
69 東急ほか 神奈川県 156532 あざみ野
42%
80 メトロほか 東京都 144750 門前仲町
42%
177 メトロ 東京都 73274 拝島
42%
192 JR 埼玉県 64050 上尾
42%
242 JR 東京都 52000 平井
42%
124 メトロ 東京都 97648 東陽町
41%
143 メトロ 東京都 87899 茅場町
40%
178 メトロ 東京都 72618 虎ノ門
40%
199 西武 東京都 61897 石神井公園
40%
281 JR 神奈川県 45594 相模原
40%
106 メトロほか 東京都 113897 東銀座
39%
147 メトロほか 東京都 86531 中野坂上
39%
212 小田急 東京都 58614 成城学園前
39%
253 京急 神奈川県 50022 横須賀中央
39%
287 メトロほか 東京都 45045 白金高輪
39%
96 西武 東京都 121462 西武新宿
38%
179 メトロ 東京都 71207 清澄白河
38%
204 横浜高速 神奈川県 60292 みなとみらい
38%
238 JR 埼玉県 52746 戸田公園
38%
145 JRほか 埼玉県 87635 久喜
37%
146 メトロ 東京都 87151 三越前
37%
180 東武 埼玉県 68850 草加
37%
205 京王 東京都 60167 笹塚
37%
300 JR 神奈川県 43808 新川崎
37%
101 JRほか 千葉県 116790 南流山
36%
208 東急 神奈川県 59624 たまプラーザ
36%
216 京急ほか 神奈川県 57783 金沢八景
36%
278 JR 神奈川県 46606 石川町
36%
142 JRほか 神奈川県 88237 中山
35%
171 メトロ 東京都 75736 西葛西
35%
245 京急 神奈川県 51120 金沢文庫
35%
112 東武ほか 千葉県 109943 流山おおたかの森
34%
141 JRほか 神奈川県 88296 新杉田
34%
159 京成ほか 東京都 78910 京成高砂
34%
184 メトロ 東京都 67709 新御茶ノ水
34%
221 小田急 東京都 57253 経堂
34%
241 JR 神奈川県 52078 保土ケ谷
34%
246 メトロほか 東京都 50911 本郷三丁目
34%
149 JR 埼玉県 84924 東川口
33%
172 東急 神奈川県 75639 綱島
33%
173 メトロほか 東京都 75279 住吉
33%
190 相鉄 神奈川県 64325 二俣川
33%
226 メトロほか 東京都 56629 麻布十番
33%
262 JR 東京都 48756 西八王子
33%
267 JR 神奈川県 47900 武蔵中原
33%
283 メトロ 東京都 45473 築地
33%
286 横浜高速 神奈川県 45066 元町・中華街
33%
289 JR 埼玉県 45000 東浦和
33%
130 メトロほか 東京都 94106 人形町
32%
165 東武 埼玉県 77230 志木
32%
200 京王 東京都 61848 千歳烏山
32%
121 メトロほか 東京都 99444 月島
31%
176 メトロほか 東京都 74012 赤羽岩淵
31%
198 メトロ 東京都 61921 西新宿
31%
207 メトロ 東京都 60003 木場
31%
232 メトロ 東京都 54757 半蔵門
31%
288 東武 東京都 45033 成増
31%
155 京成 千葉県 81772 京成津田沼
30%
213 JR 東京都 58480 新秋津
30%
214 京王 東京都 58026 京王多摩センター
30%
220 東急 東京都 57308 学芸大学
30%
224 メトロほか 東京都 57017 東新宿
30%
280 東急 神奈川県 46287 鷺沼
30%
282 JR 千葉県 45546 幕張本郷
30%
244 東武 東京都 51624 西新井
29%
193 メトロほか 東京都 63901 町屋
28%
254 つくばエクスプレスほか 茨城県 49740 守谷
28%
175 東急 神奈川県 74611 青葉台
27%
183 京成 千葉県 67723 京成船橋
27%
206 西武 東京都 60087 秋津
27%
219 JR 神奈川県 57376 武蔵新城
27%
272 京王 東京都 47521 聖蹟桜ヶ丘
27%
115 都営 東京都 106583 森下
26%
152 JR 東京都 82627 馬喰横山
26%
215 都営 東京都 57830 東日本橋
26%
271 東急 東京都 47659 池尻大橋
26%
277 メトロ 東京都 46743 外苑前
26%
189 西武 東京都 64601 大泉学園
25%
225 西武 東京都 56667 田無
25%
236 京王 東京都 53663 高幡不動
25%
240 メトロ 東京都 52319 水天宮前
25%
255 都営 東京都 49704 蔵前
25%
259 東急 東京都 48985 用賀
25%
266 メトロ 東京都 47923 南砂町
25%
250 東急 東京都 50395 桜新町
24%
264 メトロ 東京都 48571 茗荷谷
24%
233 都営 東京都 54567 小川町
23%
263 JR 埼玉県 48746 東大宮
23%
273 西武 東京都 47517 保谷
23%
168 都営ほか 東京都 76789 新御徒町
22%
202 メトロ 東京都 61568 神谷町
22%
227 東武 東京都 56198 竹ノ塚
22%
251 JR 千葉県 50250 南柏
22%
256 東武 埼玉県 49477 ふじみ野
22%
257 東急 神奈川県 49109 元住吉
22%
261 JR 神奈川県 48826 港南台
22%
268 横浜市営 神奈川県 47833 センター北
22%
247 メトロ 東京都 50637 六本木一丁目
21%
260 横浜市営 神奈川県 48839 センター南
21%
290 東急 東京都 44827 駒沢大学
21%
293 メトロ 千葉県 44433 行徳
21%
210 JR 神奈川県 58852 鴨居
20%
243 西武 東京都 51992 清瀬
19%
274 京急 東京都 47110 羽田空港第1・第2ターミナル
19%
230 西武 東京都 55311 ひばりヶ丘
18%
258 JR 神奈川県 49058 淵野辺
18%
270 都営 東京都 47683 光が丘
18%
292 小田急 東京都 44739 千歳船橋
18%
217 京王 東京都 57764 仙川
16%
299 東武 東京都 43823 東武練馬
15%
174 都営 東京都 74928 勝どき
14%
239 新京成 千葉県 52683 新津田沼
13%
285 相鉄 神奈川県 45320 鶴ヶ峰
13%
265 都営 東京都 48301 船堀
12%
223 東京モノレール 東京都 57112 モノレール浜松町
11%
279 小田急 東京都 46377 鶴川
10%
297 相鉄 神奈川県 44123 三ツ境
10%
298 東武 埼玉県 43833 上福岡
9%
185 新京成ほか 千葉県 67335 北習志野
8%
275 西武ほか 東京都 46835 玉川上水
8%
291 都営 東京都 44803 瑞江
8%
No matching quizzes found
Score Distribution
Percent of People with Each Score
Percentile by Number Answered
Your Score History
You have not taken this quiz